LEADER 00864nam0-22003131i-450- 001 990003137610403321 010 $a0-7450-0444-X 035 $a000313761 035 $aFED01000313761 035 $a(Aleph)000313761FED01 035 $a000313761 100 $a20000920d--------km-y0itay50------ba 101 0 $aita 102 $aIT 200 1 $aMonopoly Competition & the Law$ethe Regulation of Business Activity in Britain, Europe and America$fTim Frazer. 210 $aSussex$cWheatsheaf Books. 215 $aXVII, 265 p.$d22 cm 676 $aF/1.221 676 $aG/3.22 676 $aO/1.2431 702 1$aFrazer,$bTim 801 0$aIT$bUNINA$gRICA$2UNIMARC 901 $aBK 912 $a990003137610403321 952 $aG/3.22 FRA/N.A$b10489$fSES 959 $aSES 996 $aMonopoly Competition & the Law$9457202 997 $aUNINA DB $aING01 LEADER 02947nam 2200601 450 001 9910132248103321 005 20180731045352.0 010 $a2-87558-180-5 010 $a2-87463-541-3 035 $a(CKB)3710000000057773 035 $a(EBL)3137520 035 $a(SSID)ssj0001163001 035 $a(PQKBManifestationID)11629844 035 $a(PQKBTitleCode)TC0001163001 035 $a(PQKBWorkID)11141623 035 $a(PQKB)11700653 035 $a(MiAaPQ)EBC3137520 035 $a(FrMaCLE)OB-pucl-944 035 $a(oapen)https://directory.doabooks.org/handle/20.500.12854/52004 035 $a(PPN)182827607 035 $a(EXLCZ)993710000000057773 100 $a20131114d2007 uy 0 101 0 $afre 135 $aur|n|---||||| 181 $ctxt 182 $cc 183 $acr 200 10$aLouvain-la-Neuve, une maniere de concevoir la ville $egenese et developpement /$fJean Remy 210 $cPresses universitaires de Louvain$d2007 210 1$aLouvain-la-Neuve, Belgium :$cPresses universitaires de Louvain,$d2007. 210 4$d©2007 215 $a1 online resource (155 p.) 300 $aDescription based upon print version of record. 311 $a2-87463-064-0 330 $aAssocié comme consultant au début des projets urbanistiques de Louvain-la-Neuve, Jean Remy y assure depuis 1990 la coordination des études urbanistiques. Son intérêt constant pour ce laboratoire de vie urbaine a aussi pris la forme d?échanges avec les étudiants dans ses cours de sociologie urbaine et d?aménagement du territoire. Fort des observations qu?il a pu faire dès les premières années de la mise en ?uvre, il présente ici la genèse du projet et son évolution, en regard des questions ayant surgi au fil du temps. La situation actuelle correspond-t-elle à ce qui était escompté au début ? Les évaluations varient selon les points de vue et les critères. Conscient de son implication, l?auteur nous invite néanmoins à un dédoublement critique. Le fait d?être juge et partie n?a pas que des désavantages... À l?heure des évaluations et d?un regain d?intérêt pour les villes nouvelles, ce livre intéressera les curieux d?espace, de vie urbaine et de modernité, qu?ils en aient fait ou non leur métier comme les architectes, urbanistes, géographes, sociologues, philosophes... 606 $aCity planning$xSocial aspects 610 $aurbanisme 610 $aWallonie 610 $adéveloppement durable 610 $aville durable 610 $aLouvain-la-Neuve 610 $aville nouvelle 610 $aprojet urbain 615 0$aCity planning$xSocial aspects. 676 $a307.1216 700 $aRe?my$b Jean$0342946 801 0$bMiAaPQ 801 1$bMiAaPQ 801 2$bMiAaPQ 906 $aBOOK 912 $a9910132248103321 996 $aLouvain-la-Neuve, une maniere de concevoir la ville$92290373 997 $aUNINA